Southville International School and Colleges
Your cart is empty.
  • Cart
  • Lists
    Public lists Eva Luna New books Lux_list list_1
    Your lists Log in to create your own lists
  • Log in to your account
  • Your cookies
  • Search history
Southville International School and Colleges
  • Advanced search
  • Recent comments
  • Most popular
  • Libraries

Log in to your account

Log in with GOOGLE


If you do not have an external account, but do have a local account, you can still log in:

  1. Home
  2. MARC view: Communicating ethically :
Normal view MARC view ISBD view

Communicating ethically : (Record no. 366921)

[ view plain ]
MARC details
000 -LEADER
fixed length control field 00632nam a22001937a 4500
003 - CONTROL NUMBER IDENTIFIER
control field 0
005 - DATE AND TIME OF LATEST TRANSACTION
control field 20250107153415.0
008 - FIXED-LENGTH DATA ELEMENTS--GENERAL INFORMATION
fixed length control field 250107b xxu||||| |||| 00| 0 eng d
020 ## - INTERNATIONAL STANDARD BOOK NUMBER
International Standard Book Number 978-1-03-250779-8
050 ## - LIBRARY OF CONGRESS CALL NUMBER
Classification number P 94
Item number .N44 2024
100 ## - MAIN ENTRY--PERSONAL NAME
Personal name Neher, William W.
Relator term author.
245 ## - TITLE STATEMENT
Title Communicating ethically :
Remainder of title character, duties, consequences, and relationships /
Statement of responsibility, etc William W. Neher.
250 ## - EDITION STATEMENT
Edition statement 4th ed.
260 ## - PUBLICATION, DISTRIBUTION, ETC. (IMPRINT)
Place of publication, distribution, etc New York, NY :
Name of publisher, distributor, etc Routledge,
Date of publication, distribution, etc 2024.
300 ## - PHYSICAL DESCRIPTION
Extent xix, 360 p. ;
Dimensions 23 cm.
504 ## - BIBLIOGRAPHY, ETC. NOTE
Bibliography, etc Includes bibliographical references and index.
650 ## - SUBJECT ADDED ENTRY--TOPICAL TERM
Topical term or geographic name as entry element Communication
Form subdivision Moral & ethical aspects.
942 ## - ADDED ENTRY ELEMENTS (KOHA)
Source of classification or shelving scheme Library of Congress Classification
Koha item type Books
Holdings
Withdrawn status Lost status Source of classification or shelving scheme Damaged status Home library Current library Shelving location Date acquired Source of acquisition Sub Shelving location Total Checkouts Full call number Barcode Date last seen Price effective from Koha item type
    Library of Congress Classification   College Library College Library Reserve Section 01/07/2025 Library Fund     P 94 .N44 2024 C24111 01/07/2025 01/07/2025 Books

Communicating ethically :

APA

Neher W. W., . (2024). Communicating ethically. New York, NY: Routledge.

Chicago

Neher William W, . 2024. Communicating ethically. New York, NY: Routledge.

Harvard

Neher W. W., . (2024). Communicating ethically. New York, NY: Routledge.

MLA

Neher William W, . Communicating ethically. New York, NY: Routledge. 2024.

  • Place hold
  • Print
  • Cite
  • Add to your cart (remove)
  • Save record
    BIBTEX Dublin Core MARCXML MARC (non-Unicode/MARC-8) MARC (Unicode/UTF-8) MARC (Unicode/UTF-8, Standard) MODS (XML) RIS
  • More searches
    Search for this title in:
    Other Libraries (WorldCat) Other Databases (Google Scholar) Online Stores (Bookfinder.com) Open Library (openlibrary.org)

Exporting to Dublin Core...

SOUTHVILLE LIBRARY

Southville International School and Colleges Library

1281 Tropical Ave. Cor. Luxembourg St., BF Homes International, Las Pinas City

Tel. No. 8256374 / 252358 Loc. 117/146

Powered by Koha